Les marques de pneumatiques les plus connues - Statistiques

Statistiques générales
  • Ce quiz a été pris 141 fois
    96 depuis la dernière actualisation
  • Le résultat moyen est 5 sur 12
Statistiques - réponses
Réponse % Correct
Michelin
99%
Pirelli
78%
Continental
56%
Bridgestone
54%
Goodyear
54%
Dunlop
41%
Hankook
31%
Yokohama
24%
BF Goodrich
12%
Falken
12%
Toyo Tires
6%
Nokian Tyres
2%
Aucun quiz correspondant
Distribution des résultats
% des personnes avec chaque résultat
Percentile par nombre de réponses
Votre historique - résultats
Vous n’avez pas pris ce quiz depuis la dernière actualisation